ბათუმის შოთა რუსთაველის სახელმწიფო უნივერსიტეტის ბიბლიოთეკა

სიტყვები. გზები. სახეები. (ბიბ.ჩანაწერი № 49841)

000 -LEADER
fixed length control field 00749nam a2200205Ia 4500
001 - CONTROL NUMBER
control field 16776
003 - CONTROL NUMBER IDENTIFIER
control field GE_BSU
008 - FIXED-LENGTH DATA ELEMENTS--GENERAL INFORMATION
fixed length control field 181216s||||||||xx |||||||||||||| ||und||
040 ## - CATALOGING SOURCE
Transcribing agency GE_BSU
080 ## - UNIVERSAL DECIMAL CLASSIFICATION NUMBER
Universal Decimal Classification number 821.353.1(092რუსთაველი) + 821.353.1-92
100 ## - MAIN ENTRY--PERSONAL NAME
Personal name აბაშიძე, ირაკლი (1909-1992)
245 ## - TITLE STATEMENT
Title სიტყვები. გზები. სახეები.
245 ## - TITLE STATEMENT
Statement of responsibility, etc. რედ.დ.ჩხიკვიშვილი. მხ.დ.დუნდუა
260 ## - PUBLICATION, DISTRIBUTION, ETC.
Place of publication, distribution, etc. თბილისი
260 ## - PUBLICATION, DISTRIBUTION, ETC.
Name of publisher, distributor, etc. საბჭ. საქართველო
260 ## - PUBLICATION, DISTRIBUTION, ETC.
Date of publication, distribution, etc. 1971
300 ## - PHYSICAL DESCRIPTION
Extent 547 გვ. ; 20 სმ.
653 ## - INDEX TERM--UNCONTROLLED
Uncontrolled term სიტყვები. გზები. სახეები
942 ## - ADDED ENTRY ELEMENTS (KOHA)
Koha item type წიგნი
ეგზემპლარები
Withdrawn status Lost status Damaged status Not for loan Date acquired Barcode Date last seen Price effective from Koha item type
        2018-12-17 22157 2018-12-17 2018-12-17 წიგნი